Krajiny V4 v kontexte zmien svetovej ekonomiky a kapitálových trhov

Charakteristické črty novej ekonomiky a zmeny, ktoré prináša do mechanizmu fungovania hospodárstva. Reakcia kapitálových trhov na zmeny v ekonomike. Ekonomická štruktúra krajín V4 a dosah na kapitálové trhy. Vývoj odvetvovej štruktúry HDP krajín V4. Odvetvová štruktúra HDP a štruktúra akciových...

Descrizione completa

Salvato in:
Dettagli Bibliografici
Autore principale: Chovancová, Božena
Altri autori: Fabová, Ľudmila, Tkáčová, Daniela, 1954-
Natura: Capitolo di libro
Lingua:slovacco
Soggetti:
Tags: Aggiungi Tag
Nessun Tag, puoi essere il primo ad aggiungerne!!

MARC

LEADER 00000naa$a2200000$$$4500
001 0002238
005 20230918082309.5
041 0 |a slo 
044 |a SK 
245 1 0 |a Krajiny V4 v kontexte zmien svetovej ekonomiky a kapitálových trhov  |c Božena Chovancová, Ľudmila Fabová, Dana Tkáčová 
520 |a Charakteristické črty novej ekonomiky a zmeny, ktoré prináša do mechanizmu fungovania hospodárstva. Reakcia kapitálových trhov na zmeny v ekonomike. Ekonomická štruktúra krajín V4 a dosah na kapitálové trhy. Vývoj odvetvovej štruktúry HDP krajín V4. Odvetvová štruktúra HDP a štruktúra akciových indexov krajín V4. 
610 2 0 |a hospodárstvo svetové 
610 2 0 |a SVE 
610 2 0 |a trh kapitálový 
610 2 0 |a USA 
610 2 0 |a indexy burzové 
100 1 |a Chovancová, Božena 
700 1 |a Fabová, Ľudmila 
700 1 |a Tkáčová, Daniela, 1954-